000 00525nam a2200181Ia 4500
005 20250508161859.0
008 008 250505s9999 xx 000 0 eng d
037 _aTextual
040 _aFEDL
_beng
_cFEDL
041 _aeng
_2eng
084 _a378, KAY
_qFEDL
100 _aKaysen Carl Ed.
_992606
245 0 _aContent and context : Essays on college education
260 _aNew York, USA
_bMcGraw-Hill Book Company
_c1973
300 _axvii,565p.
942 _cTEXL
_h378, KAY
999 _c1372899
_d1372899